Election politics in Assam. : (Record no. 871)

MARC details
000 -LEADER
fixed length control field 00667cam a2200229ua 4500
001 - CONTROL NUMBER
control field 948
005 - DATE AND TIME OF LATEST TRANSACTION
control field 20260515113241.0
008 - FIXED-LENGTH DATA ELEMENTS--GENERAL INFORMATION
fixed length control field 190503n ii |||gr||||Z||||||eng
020 ## - INTERNATIONAL STANDARD BOOK NUMBER
International Standard Book Number 81-8370-057-8
040 ## - CATALOGING SOURCE
Transcribing agency MAIN
082 ## - DEWEY DECIMAL CLASSIFICATION NUMBER
Classification number 324.954162
245 ## - TITLE STATEMENT
Title Election politics in Assam. :
Remainder of title Issues, trends and people`s mandate. /
Statement of responsibility, etc. By Abu Nasar Saied Ahmed.
250 ## - EDITION STATEMENT
Edition statement 1st.
260 ## - PUBLICATION, DISTRIBUTION, ETC.
Place of publication, distribution, etc. New Delhi.:
Name of publisher, distributor, etc. Akansha publishing house.,
Date of publication, distribution, etc. 2006.
300 ## - PHYSICAL DESCRIPTION
Extent xxii, 400 p.:
Dimensions 20 cm.
653 ## - INDEX TERM--UNCONTROLLED
Uncontrolled term Political science.
653 ## - INDEX TERM--UNCONTROLLED
Uncontrolled term Election politics in Assam.
700 ## - ADDED ENTRY--PERSONAL NAME
Personal name Ahmed, Abu Nasar Saied.,
700 ## - ADDED ENTRY--PERSONAL NAME
Personal name Baruah, Joydeep.,
700 ## - ADDED ENTRY--PERSONAL NAME
Personal name Bhuyan, Ratna.,
942 ## - ADDED ENTRY ELEMENTS (KOHA)
Koha item type Books
Holdings
Withdrawn status Lost status Damaged status Not for loan Home library Current library Shelving location Date acquired Total checkouts Full call number Barcode Date last seen Copy number Price effective from Koha item type
        Naharkatiya College Library Naharkatiya College Library General stacks 09/19/2020   324.954162 | AHM 16464 09/19/2020 1 09/19/2020 Books
        Naharkatiya College Library Naharkatiya College Library General stacks 09/19/2020   324.954162 | AHM 25180 09/19/2020 2 09/19/2020 Books